000 00822nam a22002177a 4500
005 20240530110519.0
008 160215s2013 su a g b 000 0 ara d
017 _a2013/1434
_bالسعودية . مكتبة الملك فهد الوطنية
020 _a9960664899
040 _aEG-CaGPL
082 0 4 _221
_a371.9\
_bع ص
100 0 _aعبدالغفار عبدالحكيم الدماطى .
245 1 0 _aصعوبات التعلم :
_bفى ضوء النظريات /
_cعبدالغفار عبدالحكيم الدماطى .
250 _aط1.
260 _aالرياض :
_bدار الزهراء ،
_c2013 .
300 _a183 ص ؛
_c24 سم .
504 _aببليوجرافية : ص 169 - 183
650 0 4 _aالاطفال بطيئو التعلم .
650 0 4 _aالمتخلفون عقليا .
942 _2ddc
_cBK
999 _c61850
_d61850